000 00459nam a2200193 a 4500
001 1754918088704
003 ACL
005 20250811184740.0
008 250811s2005##################000#0#eng##
020 _a9780300100273
082 0 4 _a974.003
_bHAL
100 1 _aFeintuch, Burt,
_eauthor.
245 1 0 _aThe Encyclopedia of New England :
260 _c2005.
300 _a1564 pages
650 0 _aHistory.
942 _cENGLISH
040 _aACL
_beng
_cACL
999 _c580300
_d580300